Loading...
| Literature - British | 0 | 6 | 0 | 1 | 60 | 70 | 122.67 | 0 | 2 | 6.93 | 18.04 |
| Literature - American | 0 | 5 | 0 | 1 | 50 | 58 | 114.00 | 1 | 1 | 7.44 | 15.36 |
| Literature - World | 0 | 3 | 0 | 1 | 30 | 110 | 131.00 | 0 | 0 | 2.18 | 7.96 |
| Fine Arts - Other | 0 | 2 | 0 | 0 | 20 | 144 | 147.50 | 0 | 0 | 0.04 | 2.42 |
| Literature - European | 0 | 2 | 0 | 0 | 20 | 93 | 100.00 | 0 | 2 | 3.52 | 11.27 |
| History - European | 0 | 1 | 0 | 0 | 10 | 113 | 113.00 | 0 | 0 | 0.85 | 2.70 |
| Geography | 0 | 1 | 0 | 0 | 10 | 39 | 39.00 | 0 | 0 | 8.81 | 9.38 |
| Other Academic | 0 | 1 | 0 | 0 | 10 | 95 | 95.00 | 0 | 0 | 2.53 | 3.17 |
| Science - Biology | 0 | 1 | 0 | 0 | 10 | 50 | 50.00 | 0 | 1 | 3.49 | 5.41 |
| History - American | 0 | 1 | 0 | 0 | 10 | 60 | 60.00 | 1 | 1 | 3.25 | 5.88 |
| Mythology | 0 | 1 | 0 | 1 | 10 | 141 | 141.00 | 0 | 0 | 0.09 | 3.41 |
| Religion | 0 | 1 | 2 | 0 | 0 | 95 | 95.00 | 0 | 0 | 1.55 | 4.41 |
| Social Science | 0 | 0 | 1 | 0 | -5 | 0.00 | 0 | 0 | 0.00 | 0.00 | |
| Fine Arts - Painting & Sculpture | 0 | 0 | 1 | 0 | -5 | 0.00 | 0 | 0 | 0.00 | 0.00 |